Fundamentos de los códigos de ética de los colegios profesionales = Fundamentals of the ethical codes for professionals associations /
El presente artículo es el resultado de análisis documental de los diversos códigos que rigen el desempeño profesional en Costa Rica y que se plasman en el quehacer de los colegios profesionales. El texto nace a partir de la experiencia docente en el aula universitaria al reflexionar sobre el adecua...
Gespeichert in:
| 1. Verfasser: | |
|---|---|
| Format: | Text |
| Schlagworte: | |
| Tags: |
Tag hinzufügen
Keine Tags, Fügen Sie den ersten Tag hinzu!
|
MARC
| LEADER | 00000 a a2200000 04500 | ||
|---|---|---|---|
| 001 | 42176 | ||
| 003 | |||
| 040 | |||
| 100 | |a Castillo Briceño, Cristina | ||
| 245 | |a Fundamentos de los códigos de ética de los colegios profesionales = |b Fundamentals of the ethical codes for professionals associations / |c Cristina Castillo Briceño | ||
| 500 | |a titacastillo@gmail.com | ||
| 520 | |a El presente artículo es el resultado de análisis documental de los diversos códigos que rigen el desempeño profesional en Costa Rica y que se plasman en el quehacer de los colegios profesionales. El texto nace a partir de la experiencia docente en el aula universitaria al reflexionar sobre el adecuado desempeño profesional y más allá de las competencias técnicas propias de cada profesión. | ||
| 590 | |a RRH/NOVIEMBRE2012 | ||
| 650 | |a EDUCACION | ||
| 650 | |a MORAL | ||
| 650 | |a PROFESIONES | ||
| 650 | |a ETICA | ||
| 773 | |g volumen34, número1 (2010), páginas 119-141 | ||
| 999 | |c 25586 |d 25586 | ||
